000 00408nam a2200145Ia 4500
008 230312s9999||||xx |||||||||||||| ||und||
020 _a1-580533787
082 _a620.00685
_bFAU-M
100 _aFaulconbridge;R.Ian
245 0 _aManaging Complex Technical Projects: A systems Engineering Approach
260 _bArtech House
_aUSA
_c2003
300 _a255
650 _aEngineering
_vTechnology
942 _cBK
999 _c14354
_d14354